D. L. Moody (Record no. 11392)

MARC details
000 -LEADER
fixed length control field 00568nam a2200229 a 4500
001 - CONTROL NUMBER
control field 0001-1392
003 - CONTROL NUMBER IDENTIFIER
control field ELIB.Books
008 - FIXED-LENGTH DATA ELEMENTS--GENERAL INFORMATION
fixed length control field 160727 2010 eng
020 ## - INTERNATIONAL STANDARD BOOK NUMBER
International Standard Book Number 9781576585528(pbk)
035 ## - SYSTEM CONTROL NUMBER
System control number (ELIB.Books)0001-1547
092 ## - LOCALLY ASSIGNED DEWEY CALL NUMBER (OCLC)
Classification number B
Item number Ben
100 ## - MAIN ENTRY--PERSONAL NAME
Personal name Benge, Janet.
245 ## - TITLE STATEMENT
Title D. L. Moody
Remainder of title Bringing Souls to Christ
260 ## - PUBLICATION, DISTRIBUTION, ETC. (IMPRINT)
Place of publication, distribution, etc. Waco
Name of publisher, distributor, etc. YWAM Publishing
Date of publication, distribution, etc. 2011
300 ## - PHYSICAL DESCRIPTION
Extent 190
Dimensions 20.5 Cm
650 ## - SUBJECT ADDED ENTRY--TOPICAL TERM
Topical term or geographic name as entry element Biography
856 ## - ELECTRONIC LOCATION AND ACCESS
Name of location of host KBTS Library
Uniform Resource Identifier <a href="KBTS: ELIB">KBTS: ELIB</a>
942 ## - ADDED ENTRY ELEMENTS (KOHA)
Source of classification or shelving scheme Dewey Decimal Classification
Koha item type Books
990 ## - EQUIVALENCES OR CROSS-REFERENCES [LOCAL, CANADA]
Link information for 9XX fields 1
998 ## - LOCAL CONTROL INFORMATION (RLIN)
Cataloger's initials, CIN (RLIN) bat
-- 2016-07-27
Holdings
Withdrawn status Lost status Source of classification or shelving scheme Damaged status Not for loan Home library Current library Date acquired Total Checkouts Barcode Date last seen Bill Date Koha item type
    Dewey Decimal Classification     Karen Baptist Theological Seminary Library Karen Baptist Theological Seminary Library 27/07/2016   16027 22/01/2022 22/01/2022 Books
Implemented & Customized by: BestBookBuddies

Powered by Koha